000
00246nam a2200109Ia 4500
005
20251222114357.0
008
251222s1900||||xx |||||||||||||| ||spa||
082
_a
DVD0090/B27/2005/Ej.2
245
0
_a
Karol II
264
_b
Taodue Film
942
_c
DVD
999
_c
1479
_d
1479